Responses for Show #8435 - Friday, July 2, 2021

Courtney Shah game 5.
Champion's winnings & consolation amounts matched to Odyssey Atlanta.

Contestants

[<< previous game]

McKenzie Miller, a clinical trial researcher from Cincinnati, Ohio

Nanci Skinner, a grocery clerk from Warren, Maine

Courtney Shah, a community college instructor from Portland, Oregon (whose 4-day cash winnings total $72,058)

[next game >>]

Jeopardy! Round responses

REALLY SIMILAR FLAGS
FAMOUS NAMES
3's COMPANY
THE SHAPE OF THINGS
PHRASES YOU LIKELY DIDN'T DO FOR REAL
TV IS SO HIGH SCHOOL
(Sanjay: You gotta name the TV show from the high school that we give.)
    $200 26
New Zealand

Courtney
    $200 13
Al Capone

Courtney
    $200 22
Baskin & Robbins

Courtney
    $200 17
the Pentagon

McKenzie
    $200 6
the bullet

McKenzie
    $200 1
Buffy the Vampire Slayer

Courtney
    $400 27
(Nanci: What is Belgium?)

Luxembourg

CourtneyNanci
    $400 12
(McKenzie: Who is Vespucci?)

Columbus

CourtneyMcKenzie
    $400 23
basketball

Nanci
    $400 18
Katy Perry

McKenzie
    $400 7
the bandwagon

Nanci
    $400 2
Glee

McKenzie
    $600 28
Norway

Nanci
    $600 11
Vincent van Gogh

Triple Stumper
    $600 24
Scotch tape

Nanci
    $600 19
(McKenzie: What is the carotid?)
(Courtney: What is the femoral?)

the aorta

CourtneyNanciMcKenzie
    $600 8
the (mid)night oil

McKenzie
    $600 3
Gossip Girl

Triple Stumper
    $800 29
Monaco

McKenzie
    $800 9
(Courtney: Who is Genghis Khan?)

Kublai Khan

Courtney
Triple Stumper
    $800 10
Microsoft

Courtney
    $800 20
(McKenzie: What is horticulture?)

topiary

CourtneyMcKenzie
    $800 15
the nines

McKenzie
    $800 4
Saved By the Bell

Courtney
    $1000 30
Chad

Nanci
    $1000 14
Plutarch

Triple Stumper
    $4,000 25
(Nanci: [Sighs] What is Mitsubishi?)

Tesla

Nanci
    $1000 21
a lambda

Nanci
    $1000 16
the stops

Nanci
    $1000 5
Veronica Mars

McKenzie

Scores at the first commercial break (after clue 15):

Courtney Nanci McKenzie
$1,600 $400 $2,600

Scores at the end of the Jeopardy! Round:

Courtney Nanci McKenzie
$2,600 $1,200 $2,600

Double Jeopardy! Round responses

THE ART OF THE LIMERICK
OTHER STUFF HAPPENED IN 1492
ENDS IN THE SAME VOWEL TWICE
CANADIANA
KISS ME, KATE!
WHAT A FUNGI
    $400 27
"Hickory Dickory Dock"

McKenzie
    $400 9
the Medicis

McKenzie
    $400 1
a referee

Nanci
    $400 18
Hudson Bay

Courtney
    $400 6
The Martian

Nanci
    $400 16
truffles

McKenzie
    $800 20
Ski

Triple Stumper
    $800 12
(McKenzie: Who are the Plantagenets?)

York

McKenzie
Triple Stumper
    $800 2
Kwanzaa

Courtney
    $800 19
veterinary medicine

McKenzie
    $800 7
Private Practice

McKenzie
    $800 17
bats

Courtney
    $1200 28
dinner

Nanci
    $3,000 10
Michelangelo

McKenzie
    $1200 3
Skyy

Nanci
    $1200 22
Fay Wray

Nanci
    $1200 8
Kate Hudson

Courtney
    $1200 21
coffee

Courtney
    $1600 29
Isaac Asimov

Triple Stumper
    $1600 13
Isabella

Nanci
    $1600 4
didgeridoo

McKenzie
    $3,000 23
Newfoundland

Nanci
    $1600 11
Battlestar Galactica

Courtney
    $1600 25
puffball

Triple Stumper
    $2000 30
Lear

Nanci
    $2000 14
(McKenzie: What is Amsterdam?)

Haarlem

McKenzie
Triple Stumper
    $2000 5
vindaloo

McKenzie
    $2000 24
Bay of Fundy

Triple Stumper
    $2000 15
Eternal Sunshine of the Spotless Mind

McKenzie
    $2000 26
ergot

Triple Stumper

Scores at the end of the Double Jeopardy! Round:

Courtney Nanci McKenzie
$8,600 $12,200 $11,200

[wagering suggestions for these scores]

Final Jeopardy! Round responses

HIT SONGS
(Sanjay: It was a hit for Ray Charles, also used to promote the presidential run by Georgia native Jimmy Carter.)
CourtneyWhat is Happy Days are here Again?
$1,400
McKenzieWhat is Barry?
$6,001
NanciWhat is H
$10,300
"Georgia On My Mind"

Final scores:

Courtney Nanci McKenzie
$7,200 $1,900 $5,199
5-day champion: $79,258 3rd place: $1,000 2nd place: $2,000

Game dynamics:

Coryat scores:

Courtney Nanci McKenzie
$8,600 $14,800 $9,400
15 R,
2 W
16 R
(including 1 DD),
2 W
(including 1 DD)
17 R
(including 1 DD),
5 W

Combined Coryat: $32,800

[game clues] [game scores] [suggest correction]

Game tape date: 2021-03-30
The J! Archive is created by fans, for fans. Scraping, republication, monetization, and malicious use prohibited; this site may use cookies and collect identifying information. See terms. The Jeopardy! game show and all elements thereof, including but not limited to copyright and trademark thereto, are the property of Jeopardy Productions, Inc. and are protected under law. This website is not affiliated with, sponsored by, or operated by Jeopardy Productions, Inc. Join the discussion at JBoard.tv.